000 01048nam a22003011c 4500
001 EBC5574696
003 RU-10907106
005 20211006111211.0
008 200325s2019 gw |||| 000u eng d
020 _a9780691137544
_a978-0-691-18510-1
_9978-0-691-13754-4
040 _cRU-10907106
_aRU-10907106
_bger
041 _aeng
100 1 _aOgilvie, Sheilagh
245 0 4 _aThe European guilds :
_ban economic analysis /
_cSheilagh Ogilvie
264 _aPrinceton ; Oxford :
_bPrinceton University Press,
_c[2019]
300 _a1 online resource (648 pages).
336 _aText
_btxt
_2rdacontent
337 _aComputermedien
_bc
_2rdamedia
338 _aOnline-Ressource
_bcr
_2rdacarrier
490 0 _aPrinceton economic history of the Western world
500 _aE-Book-ProQuest / Fernzugriff nach Registrierung möglich
650 4 _aHandel
650 4 _aGilde
651 _aEuropa
655 0 _aFernzugriff
856 4 _uhttps://ebookcentral.proquest.com/lib/maxweberstiftung-ebooks/detail.action?docID=5574696
942 _cEB
_2z
999 _c30398
_d30398